Meždunarodnoje ekonomičeskoje sotrudničestvo

Gespeichert in:
Bibliographische Detailangaben
Format: Schriftenreihe
Sprache:Russisch
Veröffentlicht: Moskva Sovet Ekonomičeskoj Vzaimopomošči
Schlagworte:
Tags: Tag hinzufügen
Keine Tags, Fügen Sie das erste Tag hinzu!

MARC

LEADER 00000nas1a22000001 4500
001 s120506
005 20250930120639.6
041 0 |a rus 
044 |a RU 
245 1 0 |a Meždunarodnoje ekonomičeskoje sotrudničestvo 
264 1 |a Moskva  |b Sovet Ekonomičeskoj Vzaimopomošči 
500 |a Do roku 1990 pod názvom: Ekonomičeskoje sotrudničestvo stran - členov SEV 
610 2 0 |a spolupráca hospodárska medzinárodná